Logos Équipes Gagnantes Ligue des champions de l'UEFA - Mort subite - Statistiques

Statistiques générales
  • Ce quiz a été pris 1 208 fois
    529 depuis la dernière actualisation
  • Le résultat moyen est 16 sur 24
Answers on the Grid
Answers color-coded by a green-red scale on the quiz's grid according to % correct below.
 
Statistiques - réponses
Réponse % Correct
82%
78%
78%
78%
76%
76%
76%
75%
73%
71%
71%
66%
65%
65%
64%
64%
58%
54%
53%
53%
51%
51%
49%
42%
Aucun quiz correspondant
Distribution des résultats
% des personnes avec chaque résultat
Percentile par nombre de réponses
Votre historique - résultats
Vous n’avez pas pris ce quiz depuis la dernière actualisation